000 00456nam a2200181Ia 4500
003 GCL
008 140319s9999 xx 000 0 ara d
040 _aGCL /
_cGCL
082 0 4 _aق
_b962.064
_bم خ
100 1 _aمحمد حسنين هيكل
245 1 0 _aخبايا السويس /
_cمحمد حسنين هيكل
300 _a158
490 _aكتاب
_v0
650 0 4 _aمصر
650 0 4 _aتاريخ
650 0 4 _aالسويس
942 _2ddc
_cBK
999 _c42665
_d42665